LIBRARY & INFORMATION CENTRE, KCAET, TAVANUR

ONLINE PUBLIC ACCESS CATALOGUE (OPAC)

Remote Sensing Models and Methods for Image Processing (Record no. 14715)

MARC details
000 -LEADER
fixed length control field 00336nam a22001337a 4500
020 ## - INTERNATIONAL STANDARD BOOK NUMBER
ISBN 9780123694072
082 ## - DEWEY DECIMAL CLASSIFICATION NUMBER
Classification number 621.3
Item number SCH/RE
100 ## - MAIN ENTRY--AUTHOR NAME
Personal name Schowengerdt,Robert A.
245 ## - TITLE STATEMENT
Title Remote Sensing Models and Methods for Image Processing
250 ## - EDITION STATEMENT
Edition statement 3
260 ## - PUBLICATION, DISTRIBUTION, ETC. (IMPRINT)
Place of publication Amsterdam
Name of publisher AP & Elsevier
Year of publication 2011
300 ## - PHYSICAL DESCRIPTION
Number of Pages 515
942 ## - ADDED ENTRY ELEMENTS (KOHA)
Koha item type Book Bank scheme for SC students
Holdings
Withdrawn status Lost status Damaged status Collection code Home library Current library Shelving location Date acquired Source of acquisition Cost, normal purchase price Full call number Accession Number Koha item type
        KAUAET KAUAET Scheme 22/08/2016 Dream Tech, Trivandrum. 895.00 621.3 SCH/RE BB 286 Book Bank scheme for SC students
free website counter